00594 2200217 4500001002100000005001500021035002000036245006000056100001800116300003400134260008300168082001000251084001600261020000600277650002200283990001000305990001700315990001000332990001700342990001700359INLIS00000000003880920260415110324 a0010-04260000081 aI Am Prana :bKomik Sejarah Untuk Anak /cBetty Irwanti0 aBetty Irwanti a57 hlm :bilust ;c15 x 15 cm aCilacap; :bDirektorat Sejarah Kementrian Pendidikan dan Kebudayaan RI,c2019; a959.8 a959.8 BET i a- 4aSejarah Indonesia a38760 a38760/H/2026 a38761 a38761/H/2026 a38760/H/2026